书目信息 |
| 题名: |
二语学习者文化语用能力研究
|
|
| 作者: | 朱燕 著 | |
| 分册: | ||
| 出版信息: | 北京 人民日报出版社 2018.05 |
|
| 页数: | 195页 | |
| 开本: | 24cm | |
| 丛书名: | 人民日报学术文库 | |
| 单 册: | ||
| 中图分类: | H003 | |
| 科图分类: | ||
| 主题词: | 第二语言--语用学--研究 | |
| 电子资源: | ||
| ISBN: | 978-7-5115-5415-4 | |
| 000 | 00937oam2 2200253 450 | |
| 001 | 5452 | |
| 005 | 20181016084735.81 | |
| 010 | @a978-7-5115-5415-4@b精装@dCNY68.00 | |
| 100 | @a20180819d2018 kemy0chiy50 ea | |
| 101 | 0 | @achi@deng |
| 102 | @aCN@b110000 | |
| 105 | @ay v 000yy | |
| 200 | 1 | @a二语学习者文化语用能力研究@9er yu xue xi zhe wen hua yu yong neng li yan jiu@f朱燕著 |
| 210 | @a北京@c人民日报出版社@d2018.05 | |
| 215 | @a195页@d24cm | |
| 225 | 1 | @a人民日报学术文库 |
| 300 | @a2018年度唐山师范学院出版基金项目 | |
| 330 | @a本书阐释并论述了文化在语用能力发展中的重要影响,并从不同视角对文化语用能力进行分析和解读;构建了文化语用能力认知模型,从认知角度解释了文化语用能力在交际中的作用,并对其认知心理加工过程进行了说明。 | |
| 461 | 0 | @12001 @a人民日报学术文库 |
| 606 | 0 | @a第二语言@x语用学@x研究 |
| 690 | @aH003@v5 | |
| 701 | 0 | @a朱燕@9zhu yan@4著 |
| 801 | 0 | @aCN@b91MARC@c20180819 |
| 905 | @aMuseLib@dH003@e281 | |
| 二语学习者文化语用能力研究/朱燕著.-北京:人民日报出版社,2018.05 |
| 195页;24cm.-(人民日报学术文库) |
| 2018年度唐山师范学院出版基金项目 |
| ISBN 978-7-5115-5415-4(精装):CNY68.00 |
| 本书阐释并论述了文化在语用能力发展中的重要影响,并从不同视角对文化语用能力进行分析和解读;构建了文化语用能力认知模型,从认知角度解释了文化语用能力在交际中的作用,并对其认知心理加工过程进行了说明。 |
| ● |
| 相关链接 |
|
|
|
|
正题名:二语学习者文化语用能力研究
索取号:H003/281
 
预约/预借
| 序号 | 登录号 | 条形码 | 馆藏地/架位号 | 状态 | 备注 |
| 1 | 1129775 | 211297755 | 第二样本阅览室/ [索取号:H003/281] | 在馆 | |
| 2 | 1129776 | 211297764 | 第四借阅区/ [索取号:H003/281] | 在馆 | |
| 3 | 1129777 | 211297773 | 第四借阅区/ [索取号:H003/281] | 在馆 | |
| 4 | 1129778 | 211297782 | 第四借阅区/ [索取号:H003/281] | 在馆 | |
| 5 | 1129779 | 211297791 | 第四借阅区/ [索取号:H003/281] | 在馆 |